<?xml version="1.0" encoding="UTF-8"?>
<record
    xmlns:xsi="http://www.w3.org/2001/XMLSchema-instance"
    xsi:schemaLocation="http://www.loc.gov/MARC21/slim http://www.loc.gov/standards/marcxml/schema/MARC21slim.xsd"
    xmlns="http://www.loc.gov/MARC21/slim">

  <leader>02450agaaa2200349   4500</leader>
  <controlfield tag="001">8581</controlfield>
  <controlfield tag="003">IT-RoPAU</controlfield>
  <controlfield tag="005">20220918181223.0</controlfield>
  <controlfield tag="007">d cvaizq</controlfield>
  <controlfield tag="008">50131s9999||||xx ||| |     ||   ||und||</controlfield>
  <datafield tag="040" ind1=" " ind2=" ">
    <subfield code="a">IT-RoPAU</subfield>
    <subfield code="c">IT-RoPAU</subfield>
  </datafield>
  <datafield tag="041" ind1=" " ind2=" ">
    <subfield code="a">ITALIANO</subfield>
  </datafield>
  <datafield tag="100" ind1=" " ind2=" ">
    <subfield code="a">Oury Gerard</subfield>
    <subfield code="g">Codice regista SPICS: 59411</subfield>
    <subfield code="9">37026</subfield>
  </datafield>
  <datafield tag="130" ind1=" " ind2=" ">
    <subfield code="a">TRE UOMINI IN FUGA</subfield>
    <subfield code="9">37027</subfield>
  </datafield>
  <datafield tag="240" ind1=" " ind2=" ">
    <subfield code="a">GRANDE VADROUILLE (LA)</subfield>
    <subfield code="g">T3768</subfield>
  </datafield>
  <datafield tag="245" ind1=" " ind2=" ">
    <subfield code="a">TRE UOMINI IN FUGA</subfield>
    <subfield code="c">Prodotto da: Dorfmann Robert -- Sceneggiatura: Jullian Marcel Oury Gerard Thompson Danielle -- Diretto da: Oury Gerard</subfield>
    <subfield code="p">TRE UOMINI IN FUGA (Rif. Codice opera principale : H8581)</subfield>
  </datafield>
  <datafield tag="246" ind1=" " ind2=" ">
    <subfield code="a">GRANDE VADROUILLE (LA)</subfield>
  </datafield>
  <datafield tag="250" ind1=" " ind2=" ">
    <subfield code="a">Edizione Standard</subfield>
  </datafield>
  <datafield tag="260" ind1=" " ind2=" ">
    <subfield code="a">(FRANCIA)</subfield>
    <subfield code="b">LES FILMS CORONA - THE RANK ORGANISATION / Distribuzione: MULTIMEDIA SAN PAOLO</subfield>
    <subfield code="g">"1966 (1&#xB0; ed.: 2008 ; Ed. Lingua Orig.: 1966)"</subfield>
  </datafield>
  <datafield tag="300" ind1=" " ind2=" ">
    <subfield code="a">DVD</subfield>
    <subfield code="b">sonoro, col.</subfield>
    <subfield code="c">120 minuti</subfield>
  </datafield>
  <datafield tag="508" ind1=" " ind2=" ">
    <subfield code="a">"Fotografia: Renoir Claude; Montaggio: Jurgenson Albert; Musica: Auric George; Sceneggiatura: Jullian Marcel Oury Gerard Thompson Danielle; Scenografia: Meurisse T. Andre' J; Soggetto: Jullian Marcel -- Oury Gerard"</subfield>
  </datafield>
  <datafield tag="511" ind1=" " ind2=" ">
    <subfield code="a">"Bourvil; De; Funes Louis; Crook Claudio; Parisy Andrea; Brosset Colette; Marquet Mary"</subfield>
  </datafield>
  <datafield tag="520" ind1=" " ind2=" ">
    <subfield code="a">"DURANTE L'ULTIMA GUERRA, UN AEREO INGLESE E' ABBATTUTO MENTRE SORVOLA PARIGI. 3 DEI COMPONENTI DELL'EQUIPAGGIO RIESCONO A SALVARSI CON I PARACADUTE: UNO CADE SUL TETTO DEL TEATRO DELL'OPERA, UN ALTRO ATTERRA VICINO AL COMANDO DELLE SS, IL TERZO NEL LAGHETTO DELLE FOCHE AL GIARDINO ZOOLOGICO. AIUTATI DA UN CELEBRE DIRETTORE D'ORCHESTRA, DA UN IMBIANCHINO E DA UNA GIOVANE BURATTINAIA, I 3 RIESCONO A RICONGIUNGERSI E INSIEME AI LORO SALVATORI INIZIANO UNA LUNGA FUGA ATTRAVERSO LA FRANCIA OCCUPATA DAI TEDESCHI. CADUTI NELLE MANI DEI TEDESCHI, GRAZIE A UNA BUONA DOSE DI FORTUNA RIESCONO A GUADAGNARE LA LIBERTA' FUGGENDO SU DUE ALIANTI. CONTENUTI EXTRA: BIO-FILMOGRAFIA DIDE FUNES; TRAILER ORIGINALE; LOCANDINE DEL MONDO."</subfield>
  </datafield>
  <datafield tag="538" ind1=" " ind2=" ">
    <subfield code="a">PAL, STEREO</subfield>
  </datafield>
  <datafield tag="546" ind1=" " ind2=" ">
    <subfield code="a">ITALIANO</subfield>
  </datafield>
  <datafield tag="650" ind1=" " ind2=" ">
    <subfield code="a">COMMEDIA - GUERRA</subfield>
    <subfield code="e">DVD-FILM [DVD]</subfield>
    <subfield code="x">Codice MATERIA SPICS: 9947</subfield>
    <subfield code="9">37028</subfield>
  </datafield>
  <datafield tag="700" ind1=" " ind2=" ">
    <subfield code="a">Auric George</subfield>
    <subfield code="e">(musica)</subfield>
    <subfield code="g">Codice Musica SPICS: 14416</subfield>
    <subfield code="9">37029</subfield>
  </datafield>
  <datafield tag="700" ind1=" " ind2=" ">
    <subfield code="a">Jullian Marcel </subfield>
    <subfield code="e">(soggetto)</subfield>
    <subfield code="g">Codice Soggetto SPICS: 12832</subfield>
    <subfield code="9">37030</subfield>
  </datafield>
  <datafield tag="700" ind1=" " ind2=" ">
    <subfield code="a">Oury Gerard </subfield>
    <subfield code="e">(regista)</subfield>
    <subfield code="g">Codice regista SPICS: 59411</subfield>
    <subfield code="9">37031</subfield>
  </datafield>
  <datafield tag="700" ind1=" " ind2=" ">
    <subfield code="a">Oury Gerard </subfield>
    <subfield code="e">(soggetto)</subfield>
    <subfield code="g">Codice Soggetto 2&#xB0; SPICS: 59411</subfield>
    <subfield code="9">37032</subfield>
  </datafield>
  <datafield tag="942" ind1=" " ind2=" ">
    <subfield code="c">DV</subfield>
    <subfield code="2">ddc</subfield>
  </datafield>
  <datafield tag="999" ind1=" " ind2=" ">
    <subfield code="c">104671</subfield>
    <subfield code="d">104671</subfield>
  </datafield>
  <datafield tag="952" ind1=" " ind2=" ">
    <subfield code="0">0</subfield>
    <subfield code="1">0</subfield>
    <subfield code="4">0</subfield>
    <subfield code="6">H_8581_000000000000000</subfield>
    <subfield code="7">1</subfield>
    <subfield code="a">SPICS</subfield>
    <subfield code="b">SPICS</subfield>
    <subfield code="d">2015-01-31</subfield>
    <subfield code="l">0</subfield>
    <subfield code="o">H8581</subfield>
    <subfield code="r">2015-01-31 00:00:00</subfield>
    <subfield code="w">2015-01-31</subfield>
    <subfield code="y">DV</subfield>
    <subfield code="z">Progr. Ins.: 3766 / N.Vol.:1 / Copie: 1 / Pag.:0 / Copia rara: n.d. / date import: 1.2.2015 / By Epidotti, Trombetti, Vaglietti</subfield>
  </datafield>
</record>
